<?xml version="1.0" encoding="UTF-8"?>
<record
    xmlns:xsi="http://www.w3.org/2001/XMLSchema-instance"
    xsi:schemaLocation="http://www.loc.gov/MARC21/slim http://www.loc.gov/standards/marcxml/schema/MARC21slim.xsd"
    xmlns="http://www.loc.gov/MARC21/slim">

  <leader>01725nam a22002897a 4500</leader>
  <controlfield tag="003">OSt</controlfield>
  <controlfield tag="005">20260515113042.0</controlfield>
  <controlfield tag="008">260121b        |||||||| |||| 00| 0 eng d</controlfield>
  <datafield tag="022" ind1=" " ind2=" ">
    <subfield code="a">1478-4092</subfield>
  </datafield>
  <datafield tag="022" ind1=" " ind2=" ">
    <subfield code="a">1873-6505</subfield>
  </datafield>
  <datafield tag="040" ind1=" " ind2=" ">
    <subfield code="a">TBS</subfield>
    <subfield code="b">EN</subfield>
    <subfield code="c">TBS</subfield>
  </datafield>
  <datafield tag="041" ind1=" " ind2=" ">
    <subfield code="a">eng</subfield>
  </datafield>
  <datafield tag="100" ind1=" " ind2=" ">
    <subfield code="a">Andersen, Poul Houman</subfield>
    <subfield code="9">27088</subfield>
    <subfield code="e">author</subfield>
  </datafield>
  <datafield tag="245" ind1=" " ind2=" ">
    <subfield code="a">Supply chain management</subfield>
    <subfield code="b">: new organizational practices for changing procurement realities</subfield>
    <subfield code="c">/ Poul Houman Andersen, Morten Rask.</subfield>
  </datafield>
  <datafield tag="260" ind1=" " ind2=" ">
    <subfield code="b">Journal of Purchasing &amp; Supply Management,</subfield>
    <subfield code="c">2003</subfield>
  </datafield>
  <datafield tag="300" ind1=" " ind2=" ">
    <subfield code="a">83-95 pages.</subfield>
  </datafield>
  <datafield tag="362" ind1=" " ind2=" ">
    <subfield code="a">Journal of purchasing and supply management, 2003, Vol.9 (2), p.83-95</subfield>
  </datafield>
  <datafield tag="520" ind1=" " ind2=" ">
    <subfield code="a">How does the implementation of SCM strategies affect the organisation of procurement? Based on case study material of 15 Danish companies, this article develops a set of statements concerning the organisational role and job assignments of procurement in the light of SCM practice. For this purpose, we use an analytical technique known as the degree-of-freedom analysis. It is suggested that new organisational practices, such as key supply management, team-based management and changing skill requirements of purchasing personnel, may be an outcome of implementing SCM practices towards suppliers. Implications for theory and practice.</subfield>
  </datafield>
  <datafield tag="630" ind1=" " ind2="0">
    <subfield code="a">MSc International Business</subfield>
    <subfield code="9">26977</subfield>
  </datafield>
  <datafield tag="650" ind1=" " ind2="0">
    <subfield code="a">Delivery of goods</subfield>
    <subfield code="x">Management</subfield>
    <subfield code="9">3948</subfield>
  </datafield>
  <datafield tag="650" ind1=" " ind2="0">
    <subfield code="a">Physical distribution of goods </subfield>
    <subfield code="x">Management</subfield>
    <subfield code="9">1965</subfield>
  </datafield>
  <datafield tag="650" ind1=" " ind2="0">
    <subfield code="a">Industrial procurement</subfield>
    <subfield code="9">2625</subfield>
  </datafield>
  <datafield tag="650" ind1=" " ind2="0">
    <subfield code="a">Business logistics</subfield>
    <subfield code="9">2448</subfield>
  </datafield>
  <datafield tag="700" ind1=" " ind2=" ">
    <subfield code="a">Rask, Morten</subfield>
    <subfield code="9">27089</subfield>
    <subfield code="e">author</subfield>
  </datafield>
  <datafield tag="856" ind1=" " ind2=" ">
    <subfield code="u">https://research-ebsco-com.hub.tbs-education.fr/linkprocessor/plink?id=a15aef9f-6b2b-3a78-8b0f-19d671ce2677</subfield>
  </datafield>
  <datafield tag="942" ind1=" " ind2=" ">
    <subfield code="2">lcc</subfield>
  </datafield>
  <datafield tag="952" ind1=" " ind2=" ">
    <subfield code="0">0</subfield>
    <subfield code="1">0</subfield>
    <subfield code="2">lcc</subfield>
    <subfield code="4">0</subfield>
    <subfield code="7">0</subfield>
    <subfield code="8">CT</subfield>
    <subfield code="a">TBS</subfield>
    <subfield code="b">TBS</subfield>
    <subfield code="d">2026-05-15</subfield>
    <subfield code="l">0</subfield>
    <subfield code="p">5214</subfield>
    <subfield code="r">2026-05-15</subfield>
    <subfield code="u">https://research-ebsco-com.hub.tbs-education.fr/linkprocessor/plink?id=a15aef9f-6b2b-3a78-8b0f-19d671ce2677</subfield>
    <subfield code="w">2026-05-15</subfield>
    <subfield code="y">ARTICLE</subfield>
  </datafield>
  <datafield tag="999" ind1=" " ind2=" ">
    <subfield code="c">5214</subfield>
    <subfield code="d">5214</subfield>
  </datafield>
</record>
